Teoría y problemas de mecánica para ingenieros (Record no. 168550)

MARC details
000 -LEADER
campo de control de longitud fija 00861nam a22002415i 4500
001 - NÚMERO DE CONTROL
campo de control 168550
003 - IDENTIFICADOR DE NÚMERO DE CONTROL
campo de control ES-MaACL
005 - FECHA Y HORA DE LA ÚLTIMA TRANSACCIÓN
campo de control 20250814045712.0
008 - DATOS DE LONGITUD FIJA--INFORMACIÓN GENERAL
campo de control de longitud fija 080421s1980 mx |||| | spa d
080 ## - NÚMERO DE LA CLASIFICACIÓN DECIMAL UNIVERSAL
Número de la Clasificación Decimal Universal 531/.534:62(075.8)
100 1# - ENTRADA PRINCIPAL--NOMBRE DE PERSONA
Nombre de persona Mac Lean, W. G.
9 (RLIN) 137638
245 10 - MENCIÓN DEL TÍTULO
Título Teoría y problemas de mecánica para ingenieros
Resto del título : estática y dinámica /
Mención de responsabilidad, etc. W. G. MacLean y E. W. Nelson ; traducción y adaptación José Vicente Casas Reyes.
250 ## - MENCION DE EDICION
Mención de edición 2ª ed. act.
260 ## - PUBLICACIÓN, DISTRIBUCIÓN, ETC.
Lugar de publicación, distribución, etc. México :
Nombre del editor, distribuidor, etc. Mc Graw-Hill,
Fecha de publicación, distribución, etc. 1980.
300 ## - DESCRIPCIÓN FÍSICA
Extensión 406 p. :
Otras características físicas il. ;
Dimensiones 28 cm.
490 1# - MENCIÓN DE SERIE
Mención de serie Serie de compendios Schaum
650 17 - PUNTO DE ACCESO ADICIONAL DE MATERIA--TÉRMINO DE MATERIA
Término de materia o nombre geográfico como elemento de entrada Mecánica
Fuente del encabezamiento o término embne
9 (RLIN) 14869
700 1# - ENTRADA AGREGADA--NOMBRE PERSONAL
Nombre de persona Nelson, E. W.
9 (RLIN) 137639
700 1# - ENTRADA AGREGADA--NOMBRE PERSONAL
Nombre de persona Casas Reyes, José Vicente.
9 (RLIN) 137640
830 0# - PUNTO DE ACCESO ADICIONAL DE SERIE-TÍTULO UNIFORME
Título uniforme Serie de compendios Schaum
9 (RLIN) 181142
852 ## - LOCALIZACIÓN
Ubicación ES-MaACL
Número de control de estantería L-2081
itemnumber 102693
Holdings
Estatus retirado Estado de pérdida Estado de daño No para préstamo Biblioteca de origen Biblioteca actual Ubicación en estantería Fecha de adquisición Fuente de adquisición Total de préstamos Signatura topográfica completa Código de barras Visto por última vez Precio de reemplazo Tipo de ítem Koha
        Biblioteca del Ateneo de Madrid Biblioteca del Ateneo de Madrid Depósito 2 21/04/2008     L-2081 1176875 23/02/2023 23/02/2023 Libro impreso